Public health nursing : (Record no. 5771)
[ view plain ]
| 000 -LEADER | |
|---|---|
| fixed length control field | 02182cam a22002534a 4500 |
| 001 - CONTROL NUMBER | |
| control field | 15092675 |
| 003 - CONTROL NUMBER IDENTIFIER | |
| control field | OSt |
| 005 - DATE AND TIME OF LATEST TRANSACTION | |
| control field | 20210414114506.0 |
| 008 - FIXED-LENGTH DATA ELEMENTS--GENERAL INFORMATION | |
| fixed length control field | 071126s2007 at a b 001 0 eng |
| 010 ## - LIBRARY OF CONGRESS CONTROL NUMBER | |
| LC control number | 2007942029 |
| 020 ## - INTERNATIONAL STANDARD BOOK NUMBER | |
| International Standard Book Number | 9781401839659 |
| 040 ## - CATALOGING SOURCE | |
| Transcribing agency | sl |
| 050 00 - LIBRARY OF CONGRESS CALL NUMBER | |
| Classification number | RT97.P833 |
| 245 00 - TITLE STATEMENT | |
| Title | Public health nursing : |
| Remainder of title | leadership, policy, & practice. / |
| Statement of responsibility, etc. | [edited by] L. Louise Ivanov, Carolyn L. Blue. |
| 260 ## - PUBLICATION, DISTRIBUTION, ETC. | |
| Place of publication, distribution, etc. | United States : |
| Name of publisher, distributor, etc. | Delmar Cengage Delmar, |
| Date of publication, distribution, etc. | c2008. |
| 300 ## - PHYSICAL DESCRIPTION | |
| Extent | xxii, 791 p. : |
| Other physical details | ill. ; |
| Dimensions | 24 cm. |
| 500 ## - GENERAL NOTE | |
| General note | Includes bibliographical references and index. |
| 505 ## - FORMATTED CONTENTS NOTE | |
| Formatted contents note | Contents:History of public health and public health nursing -- Core function of public health nursing -- Practice settings in public health nursing -- Epidemiology and public health nursing -- Law,health policy,and public health nursing -- Health care organization and financing -- Economic of public health nursing -- Challenges of global health -- Environmental health risk -- Community and population assessment -- Health risk appraisal -- Principles of health promotion -- Principles of education -- Program development and evaluation -- Community development for health promotion -- Health care management -- Ethics and human rights -- Public health nursing research -- Population with infectious and communicable diseases -- Population with chronic diseases -- Maternal and child populations -- The elder population -- Rural and migrant populations -- Racial and ethical disparities -- Immigrant and refugee populations -- The homeless population -- Population with substance abuse -- Diseases preparedness and public health nursing -- The future of public health nursing -- Appendices -- A.core competencies for public health nursing practice -- B Scope and standards of public health -- C American public health association principles on public health and human rights -- D Determinants of health -- E Healthy people 2010 goals -- F Professional association,organizations,and institution -- G Abbreviation |
| 650 #0 - SUBJECT ADDED ENTRY--TOPICAL TERM | |
| Topical term or geographic name entry element | Public health nursing. |
| 650 #0 - SUBJECT ADDED ENTRY--TOPICAL TERM | |
| Topical term or geographic name entry element | Community health nursing. |
| 700 1# - ADDED ENTRY--PERSONAL NAME | |
| Personal name | Ivanov, L. Louise. |
| 700 1# - ADDED ENTRY--PERSONAL NAME | |
| Personal name | Blue, Carolyn L. |
| 942 ## - ADDED ENTRY ELEMENTS (KOHA) | |
| Source of classification or shelving scheme | Library of Congress Classification |
| Koha item type | Books |
| Withdrawn status | Lost status | Source of classification or shelving scheme | Damaged status | Not for loan | Home library | Current library | Shelving location | Date acquired | Total Checkouts | Full call number | Barcode | Date last seen | Price effective from | Koha item type |
|---|---|---|---|---|---|---|---|---|---|---|---|---|---|---|
| Library of Congress Classification | WISCONSIN INTERNATIONAL UNIVERSITY COLLEGE, GHANA - MAIN LIBRARY | WISCONSIN INTERNATIONAL UNIVERSITY COLLEGE, GHANA - MAIN LIBRARY | nursing | 05/10/2015 | RT97.P833 | NURS/29/15 | 05/10/2015 | 05/10/2015 | Books |
